Kvalitnou logistikou proti hnilobe
Úloha logistiky počas celého distribučného cyklu ovocia a zeleniny. Optimálne skladovacie podmienky pri niektorých druhoch ovocia a zeleniny.
Na minha lista:
| Autor principal: | |
|---|---|
| Formato: | Capítulo de Livro |
| Idioma: | eslovaco |
| Assuntos: | |
| Tags: |
Sem tags, seja o primeiro a adicionar uma tag!
|
MARC
| LEADER | 00000naa a2200000 4500 | ||
|---|---|---|---|
| 001 | r048503 | ||
| 005 | 20231004094408.3 | ||
| 041 | 0 | |a slo | |
| 044 | |a SK | ||
| 245 | 1 | 0 | |a Kvalitnou logistikou proti hnilobe |c Jana Bokorová |
| 520 | |a Úloha logistiky počas celého distribučného cyklu ovocia a zeleniny. Optimálne skladovacie podmienky pri niektorých druhoch ovocia a zeleniny. | ||
| 610 | 2 | 0 | |a skladovanie |
| 610 | 2 | 0 | |a reťazce distribučné |
| 610 | 2 | 0 | |a ovocie |
| 610 | 2 | 0 | |a zelenina |
| 610 | 2 | 0 | |a manipulácia s tovarom |
| 610 | 2 | 0 | |a logistika |
| 610 | 2 | 0 | |a kvalita tovaru |
| 100 | 1 | |a Bokorová, Jana | |